Culture Générale - Série 2036 - Statistiques

Statistiques générales
  • Ce quiz a été pris 78 fois
  • Le résultat moyen est 4 sur 10
Statistiques - réponses
Question Réponse % Correct
Quel est le pays qui compte le plus de musulmans dans le monde ? Indonesie
88%
Ce terme désigne un sorcier africain, un oiseau échassier, une bouilloire et une station de métro de Charleroi en Belgique marabout
63%
Quel acteur américain (1927-2011) a incarné le lieutenant Colombo à la télévision ? voir photo Peter Falk
58%
Quel animal est appelé "pipit" ? oiseau
47%
Dans quel pays européen se trouve la région de l'Etolie ? Grèce
42%
Celui de Rameau est de Diderot neveu
36%
Quel acteur a incarné "Monsieur Klein" dans le film du même nom réalisé en 1976 par Joseph Losey ? Alain Delon
33%
Quel nom porte le détroit reliant le golfe Persique au golfe d'Oman ? Ormuz
32%
Quel écrivain américano-russe, naturalisé en 1928, est surtout connu pour ses œuvres de science-fiction et ses livres de vulgarisation scientifique Isaac Asimov
28%
Qui a réalisé "Le Christ s'est arrêté à Eboli" en 1979 et "L'affaire Mattei" en 1972 ? Francesco Rosi
3%
Aucun quiz correspondant
Distribution des résultats
% des personnes avec chaque résultat
Percentile par nombre de réponses
Votre historique - résultats
Vous n’avez pas pris ce quiz